<?xml version="1.0" encoding="UTF-8"?><?xml-stylesheet type="text/xsl" href="static/style.xsl"?><OAI-PMH xmlns="http://www.openarchives.org/OAI/2.0/" xmlns:xsi="http://www.w3.org/2001/XMLSchema-instance" xsi:schemaLocation="http://www.openarchives.org/OAI/2.0/ http://www.openarchives.org/OAI/2.0/OAI-PMH.xsd"><responseDate>2026-04-17T15:03:06Z</responseDate><request verb="GetRecord" identifier="oai:www.recercat.cat:10459.1/466256" metadataPrefix="marc">https://recercat.cat/oai/request</request><GetRecord><record><header><identifier>oai:recercat.cat:10459.1/466256</identifier><datestamp>2025-09-16T05:10:19Z</datestamp><setSpec>com_2072_3622</setSpec><setSpec>col_2072_478537</setSpec></header><metadata><record xmlns="http://www.loc.gov/MARC21/slim" xmlns:dcterms="http://purl.org/dc/terms/" xmlns:xsi="http://www.w3.org/2001/XMLSchema-instance" xmlns:doc="http://www.lyncode.com/xoai" xsi:schemaLocation="http://www.loc.gov/MARC21/slim http://www.loc.gov/standards/marcxml/schema/MARC21slim.xsd">
   <leader>00925njm 22002777a 4500</leader>
   <datafield ind2=" " ind1=" " tag="042">
      <subfield code="a">dc</subfield>
   </datafield>
   <datafield ind2=" " ind1=" " tag="720">
      <subfield code="a">López Rofes, Carles</subfield>
      <subfield code="e">author</subfield>
   </datafield>
   <datafield ind2=" " ind1=" " tag="260">
      <subfield code="c">2024-06</subfield>
   </datafield>
   <datafield ind2=" " ind1=" " tag="520">
      <subfield code="a">Moltes espècies de plantes segetals lligades als conreus estan amenaçades
degut, entre altres factors, a la intensificació de les tècniques agrícoles. Aquest fet està
comportant una disminució de la biodiversitat dels agroecosistemes. Conèixer el
comportament d’aquests vegetals i de les seves llavors és vital per crear estratègies de
gestió i conservació útils. El present estudi ha avaluat la capacitat germinativa i
d’emergència de 14 espècies, llavors de les quals van ser recol·lectades entre el 2012 i
el 2013 a Teruel i a Lleida (Espanya). S’han pogut crear models de germinació per Silene
conoidea i Androsace maxima, així com models d’emergència per aquestes dues
espècies i per Conringia orientalis. Per a fer-ho, s’han examinat llavors en cambres de
germinació a temperatures constants entre 5oC i 26oC i en torba. S’han estimat les
seves temperatures base i s’ha aplicat la funció de Boltzmann a la germinació i a
l’emergència acumulada. Els models resultants poden servir per determinar les
èpoques de llaurat, sembra i aplicació d’herbicides, entre d’altres. Aquesta investigació
aprofundeix en el coneixement de la germinació i emergència d’espècies segetals, amb
nous models per parametritzar-les, que poden ser útils tant en estudis de germinació
en laboratori com en prediccions d'emergència a camp, amb la finalitat de contribuir a
la seva gestió.</subfield>
   </datafield>
   <datafield tag="653" ind2=" " ind1=" ">
      <subfield code="a">Androsace maxima</subfield>
   </datafield>
   <datafield tag="653" ind2=" " ind1=" ">
      <subfield code="a">Conringia orientalis</subfield>
   </datafield>
   <datafield tag="653" ind2=" " ind1=" ">
      <subfield code="a">Conservació</subfield>
   </datafield>
   <datafield tag="653" ind2=" " ind1=" ">
      <subfield code="a">Emergència</subfield>
   </datafield>
   <datafield tag="653" ind2=" " ind1=" ">
      <subfield code="a">Germinació</subfield>
   </datafield>
   <datafield ind2="0" ind1="0" tag="245">
      <subfield code="a">Estudi de la germinabilitat i l'emerència d'espècies segetals en regressió</subfield>
   </datafield>
</record></metadata></record></GetRecord></OAI-PMH>